00733cam a2200217Ia 4500008004100000020002200041100001800063245015900081250001800240260003200258300003200290500002100322650003100343650003100374650004000405650002000445650002300465003000100488005001700489040000900506  a1405063866 (pbk.) aEvian, Clive.00aPrimary HIV/ AIDS care :ba practical guide for primary health care personnel in the clinical and surpportive care of people with HIV/AIDS /cClive Evian. aMacmillan ed. aOxford :bMacmillan,c2005. ax, 350 p. :bill. ;c24 cm. aIncludes index. 0aAIDS (Disease)xTreatment. 0aHIV infectionsxTreatment. 2aAcquired Immunodeficiency Syndrome. 2aHIV Infections. 2aPatient Care Team.20230123124941.0 cNUST